| 000 | 00725nam a2200241#a 4500 | ||
|---|---|---|---|
| 001 | 02277 | ||
| 003 | HDC | ||
| 007 | ta | ||
| 008 | 230623s2023 xx 000 0 eng d | ||
| 040 | _aHDC | ||
| 050 |
_aTX531 _b.J33 |
||
| 110 | _aJabatan Kesihatan Negeri Pulau Pinang. | ||
| 245 | 0 |
_aBuku panduan mengutamakan kebersihan premis makanan / _cJabatan Kesihatan Negeri Pulau Pinang. |
|
| 264 |
_aPulau Pinang : _bBahagian Keselamatan dan Kualiti Makanan, Jabatan Kesihatan Negeri Pulau Pinang, |
||
| 300 |
_a31p. : _b ill. ; _c 21cm. |
||
| 650 |
_aFood _xSafety measure. |
||
| 650 |
_aFood _zMalaysia. |
||
| 650 | _aood adulteration & inpection. | ||
| 942 | _2lcc | ||
| 942 | _cBK | ||
| 942 | _kTX531 | ||
| 942 | _m.J33 | ||
| 999 |
_c23836 _d23836 |
||